书目信息 |
| 题名: |
土力学与地基基础试题库
|
|
| 作者: | 祝冰青 主编 | |
| 分册: | ||
| 出版信息: | 北京 中国水利水电出版社 2014 |
|
| 页数: | 93页 | |
| 开本: | 26cm | |
| 丛书名: | ||
| 单 册: | ||
| 中图分类: | TU4-44 | |
| 科图分类: | ||
| 主题词: | 土力学--高等职业教育--图库 , 地基--基础(工程)--高等职业教育--题库 , 地基 , 基础(工程) , 土力学 | |
| 电子资源: | ||
| ISBN: | 978-7-5170-2026-4 | |
| 000 | 01009nam0 2200277 450 | |
| 001 | 141076 | |
| 005 | 20141106103048.71 | |
| 010 | @a978-7-5170-2026-4@dCNY 17.00 | |
| 100 | @a20140829d2014 em y0chiy50 ea | |
| 101 | 0 | @achi |
| 102 | @aCN@b110000 | |
| 105 | @ay q 000yy | |
| 200 | 1 | @a土力学与地基基础试题库@9tu li xue yu di ji ji chu shi ti ku@b专著@f祝冰青主编 |
| 210 | @a北京@c中国水利水电出版社@d2014 | |
| 215 | @a93页@d26cm | |
| 300 | @a高职高专土建类建筑工程技术专业课程试题库 | |
| 330 | @a本书共包括九章,分别是:土的物理性质与工程分类,土的渗透性与渗流,地基中的应力计算及地基变形,土的抗剪强度与地基承载力,土压力与土坡稳定,地质勘察,浅基础 ,桩基础,地基处理。试题库后附试题答案。 | |
| 606 | 0 | @a土力学@x高等职业教育@j图库 |
| 606 | 0 | @a地基@x基础(工程)@x高等职业教育@j题库 |
| 606 | 0 | @a地基 |
| 606 | 0 | @a基础(工程) |
| 606 | 0 | @a土力学 |
| 690 | @aTU4-44@v5 | |
| 701 | 0 | @a祝冰青@9zhu bing qing@c(女,@f1978~)@4主编 |
| 801 | 0 | @aCN@bZL@c20141106 |
| 905 | @a241430@dTU4-44@eZ914 | |
| 土力学与地基基础试题库/祝冰青主编.-北京:中国水利水电出版社,2014 |
| 93页;26cm |
| 高职高专土建类建筑工程技术专业课程试题库 |
| ISBN 978-7-5170-2026-4:CNY 17.00 |
| 本书共包括九章,分别是:土的物理性质与工程分类,土的渗透性与渗流,地基中的应力计算及地基变形,土的抗剪强度与地基承载力,土压力与土坡稳定,地质勘察,浅基础 ,桩基础,地基处理。试题库后附试题答案。 |
| ● |
| 相关链接 |
|
|
|
正题名:土力学与地基基础试题库
索取号:TU4-44/Z914
 
预约/预借
| 序号 | 登录号 | 条形码 | 馆藏地/架位号 | 状态 | 备注 |
| 1 | 0836844 | 208368443 | 建筑库101/101建筑库 94排1列4层/ [索取号:TU4-44/Z914] | 在馆 | |
| 2 | 0836845 | 208368452 | 建筑库101/101建筑库 94排1列4层/ [索取号:TU4-44/Z914] | 在馆 | |
| 3 | 0836846 | 208368461 | 建筑库101/101建筑库 94排1列4层/ [索取号:TU4-44/Z914] | 在馆 |